Синтез и тестирование дискретных систем: учебное пособие

書誌詳細
第一著者: Буркатовская Ю. Б. Юлия Борисовна
団体著者: Национальный исследовательский Томский политехнический университет (ТПУ) Институт кибернетики (ИК) Кафедра вычислительной техники (ВТ)
その他の著者: Веремеенко Е. С. Елена Сергеевна
要約:Заглавие с титульного экрана
Электронная версия печатной публикации
В пособии изложены основы синтеза цифровых автоматов Мили и Мура, а именно: задание автомата с помощью системы формул переходов; проставление отметок на граф-схемах алгоритмов; построение диаграмм переходов - выходов автоматов; синтез запоминающей, выходной и входной частей; моделирование работы автоматов; тестирование комбинационных схем и синтез самопроверяемых схем с использованием неупорядоченных кодов. Предназначено для студентов, обучающихся по направлению 230100 "Информатика и вычислительная техника", а также для курсового проектирования по дисциплине "Теория автоматов"
AM_TPU_network
言語:ロシア語
出版事項: Томск, Изд-во ТПУ, 2012
主題:
オンライン・アクセス:http://www.lib.tpu.ru/fulltext2/m/2013/m117.pdf
フォーマット: MixedMaterials 電子媒体 図書
KOHA link:https://koha.lib.tpu.ru/cgi-bin/koha/opac-detail.pl?biblionumber=236224

MARC

LEADER 00000nam0a2200000 4500
001 236224
005 20260422091756.0
035 |a (RuTPU)RU\TPU\book\257373 
090 |a 236224 
100 |a 20130419d2012 m y0rusy50 ca 
101 0 |a rus 
102 |a RU 
105 |a a j 001zy 
135 |a drcn ---uucaa 
181 0 |a i   |b  e  
182 0 |a b 
183 0 |a cr  |2 RDAcarrier 
200 1 |a Синтез и тестирование дискретных систем  |e учебное пособие  |f Ю. Б. Буркатовская, Е. С. Веремеенко  |g Национальный исследовательский Томский политехнический университет (ТПУ), Институт кибернетики (ИК), Кафедра вычислительной техники (ВТ) 
203 |a Текст  |c электронный  |b визуальный 
210 |a Томск  |c Изд-во ТПУ  |d 2012 
283 |a online_resource  |2 RDAcarrier 
300 |a Заглавие с титульного экрана 
300 |a Электронная версия печатной публикации 
330 |a В пособии изложены основы синтеза цифровых автоматов Мили и Мура, а именно: задание автомата с помощью системы формул переходов; проставление отметок на граф-схемах алгоритмов; построение диаграмм переходов - выходов автоматов; синтез запоминающей, выходной и входной частей; моделирование работы автоматов; тестирование комбинационных схем и синтез самопроверяемых схем с использованием неупорядоченных кодов. Предназначено для студентов, обучающихся по направлению 230100 "Информатика и вычислительная техника", а также для курсового проектирования по дисциплине "Теория автоматов" 
371 0 |a AM_TPU_network 
606 |a Автоматы дискретные  |2 stltpush  |3 (RuTPU)RU\TPU\subj\72669  |9 86078 
610 1 |a электронный ресурс 
610 1 |a учебные пособия 
610 1 |a труды учёных ТПУ 
610 1 |a синтез 
610 1 |a дискретные устройства 
610 1 |a цифровые автоматы 
610 1 |a конечные автоматы 
610 1 |a логические сети 
610 1 |a автомат Мура 
610 1 |a автомат Мили 
610 1 |a комбинационные схемы 
675 |a 004.312(075.8)  |v 4 
700 1 |a Буркатовская  |b Ю. Б.  |c математик  |c доцент Томского политехнического университета, кандидат физико-математических наук  |f 1973-  |g Юлия Борисовна  |3 (RuTPU)RU\TPU\pers\26553  |9 12242 
701 1 |a Веремеенко  |b Е. С.  |c специалист в области информатики и вычислительной техники  |c старший преподаватель Томского политехнического университета  |f 1985-  |g Елена Сергеевна  |3 (RuTPU)RU\TPU\pers\30088  |9 14495 
712 0 2 |a Национальный исследовательский Томский политехнический университет (ТПУ)  |b Институт кибернетики (ИК)  |b Кафедра вычислительной техники (ВТ)  |3 (RuTPU)RU\TPU\col\18699 
801 1 |a RU  |b 63413507  |c 20130419 
801 2 |a RU  |b 63413507  |c 20131002  |g RCR 
856 4 0 |u http://www.lib.tpu.ru/fulltext2/m/2013/m117.pdf  |z http://www.lib.tpu.ru/fulltext2/m/2013/m117.pdf 
942 |c CF